Bezpečnostní předpisy na úseku investiční výstavby v zemědělství [sborník přednášek], Ostrava 1981

Podrobná bibliografia
Médium: Kniha
Jazyk:čeština
Fyzický popis:80 s. 8°
Vydavateľské údaje: Ostrava Dům techniky ČSVTS 1981

MARC

LEADER 00000nam a2200000 a 4500
001 vtls001289872
003 SK-MaSNL
005 20260223214200.0
008 210928s1981 xr 0 cze
035 |a SNK000241500 
040 |a SNK  |b slo  |c SNK  |e AACR2 
044 |a xr  |c CZ 
245 1 |a Bezpečnostní předpisy na úseku investiční výstavby v zemědělství  |b [sborník přednášek], Ostrava 1981  |c autor: kol. 
260 |a Ostrava  |b Dům techniky ČSVTS  |c 1981 
300 |a 80 s.  |c 8° 
958 |a OND 
999 |c 714520  |d 716450 
952 |t P60, <04>, [BOOK], {604}  |a SNK  |b SNK  |y VYP  |7 0  |o snkIC 87770  |i snkKIP 5188/82  |0 0  |1 0  |4 0  |d 1997-06-09  |l 0  |r 2005-01-02 00:00:00  |w 2026-02-23 
952 |t P60, <04>, [BOOK], {604}  |a SNK  |b SNK  |y VYP  |7 0  |o snkIC 87770 D1  |i snkKIP 5189/82  |0 0  |1 0  |4 0  |d 1997-06-09  |l 0  |r 2005-01-02 00:00:00  |w 2026-02-23